Nommez une Rivière Française Valide A-Z - Statistiques

Statistiques générales
  • Ce quiz a été pris 3 216 fois
  • Le résultat moyen est 13 sur 25
Statistiques - réponses
Lettre # Réponses possibles % Correct
S 78 Saâne | Saint-Bonnette | Saint-Geyrac | Saire | Saison | Salat | Salleron | Salon | Sambre | Sâne Morte | Sâne Vive | Sânon | Santoire | Saône | Saônelle | Sarre | Sarsonne | Sarthe | Sauer | Sauldre | Saulière | Saulx | Save | Savoureuse | Saye | Scarpe | Scie | Scorff | Sédelle | Sée | Sègre | Seiche | Seignal | Seille | Seille | Seine | Selle | Selle | Sélune | Selves | Semine | Semme | Semnon | Semois | Semouse | Senouire | Séoune | Serein | Serre | Seudre | Seuge | Seugne | Seulles | Sèvre Nantaise | Sèvre Niortaise | Sevron | Siagne | Sienne | Sinnamary | Sioule | Slack | Smagne | Solnan | Solre | Somme | Somme | Soude | Sor | Sorgue | Sormonne | Sornin | Sou de Val de Daigne | Souche | Soudaine | Sourdoire | Suippe | Sumène | Suran | Surmelin
93%
L 48 Laignes | Lanterne | Largue | Lary | Lathan | Lawe | Lay | Layon | Lède | Léez | Leff | Léguer | Lemboulas | Lendou | Leysse | Lez | Lez | Lèze | Liamone | Liane | Libron | Lidoire | Lié | Liège | Liepvrette | Lignon du Forez | Lignon du Velay | Linon | Lison | Livenne | Lizonne | Loing | Loir | Loire | Loison | Lot | Loue | Loue | Louge | Loup | Louyre | Loyre | Lunain | Luy | Luy de Béarn | Luy de France | Luzège | Lys
92%
R 29 Rabodeau | Rance | Rance | Rémarde | Rère | Réveillon | Reyssouze | Rhin | Rhins | Rhône | Rhônelle | Rhôny | Rhue | Risle | Rivière d'Auray | Rivière d'Étel | Rizonne | Rizzanese | Roanne | Rognon | Romanche | Roya | Rozeille | Ru de Gally | Ruisseau d'Escalmels | Ruisseau de Neuffonds | Ruisseau de Roannes | Ruisseau des Forges | Rupt de Mad
90%
A 92 Aa | Aber-Benoît | Aber-Ildut | Aber-Wrac'h | Abloux | Acheneau | Acolin | Adour | Aff | Agly | Agout | Ailette | Aille | Ain | Airain | Aire | Airon | Aisne | Aisne | Aixette | Alagnon | Albarine | Albe | Alène | Allaine | Allier | Almont | Alzou | Ance | Ancre | Andelle | Andelot | Ange | Anglin | Anguison | Apance | Approuague | Arc | Arc | Arconce | Ardèche | Ardière | Ardour | Argens | Argenton | Arguenon | Ariège | Arize | Arly | Armance | Armançon | Arn | Arnon | Arnoult | Aroffe | Aron | Aron | Arrats | Arros | Arroux | Ars | Artuby | Arve | Arz | Asco | Aube | Aubetin | Aude | Augronne | Aujon | Aulne | Aumance | Aure | Auron | Auroue | Authie | Authion | Authre | Automne | Auvézère | Auxances | Auxois | Auzance | Auze | Auzoue | Avance | Aven | Aveyron | Avre | Avre | Ay | Azergues
88%
G 34 Gabas | Galaure | Gapeau | Gard | Gardon d’Alès | Gardonnette | Garonne | Gartempe | Gave d'Aspe | Gave d'Oloron | Gave d'Ossau | Gave de Pau | Gélise | Gère | Gers | Gesse | Gestas | Gier | Giessen | Giffre | Gijou | Gimone | Girou | Golo | Gouessant | Gouët | Goul | Grand Morin | Gravona | Grolle | Grosne | Guiers | Guil | Guindy
88%
D 37 Dadou | Dessoubre | Deûle | Dheune | Dhuis | Diège | Dive | Dives | Divette | Dognon | Doller | Don | Dordogne | Dore | Doron de Beaufort | Doron de Bozel | Doubs | Dourbie | Dourdou de Camarès | Dourdou de Conques | Doustre | Douve | Doux | Douze | Drac | Dragne | Dranse | Drée | Drôme | Drôme | Dronne | Dropt | Drugeon | Duche | Durance | Durdent | Durgeon
81%
M 40 Madon | Madrange | Mahury | Maine | Mamoul | Mana | Mance | Manoire | Marilhou | Marmande | Marne | Maronne | Maroni | Marque | Mars | Maulde | Mauldre | Maumont | Maye | Mayenne | Méouzette | Merdereau | Mesvrin | Meu | Meurthe | Meuse | Midouze | Minette | Moder | Moine | Montane | Morge | Morge | Moron | Mortagne | Morthe | Moselle | Moselotte | Mosson | Mouzon
81%
I 12 Ill | Ille | Incon | Indre | Indrois | Iracoubo | Isac | Isch | Isère | Isle | Iton | Ixeure
77%
V 58 Vaige | Vair | Vallière | Valouse | Valouse | Valserine | Vanne | Var | Varenne | Vaucouleurs | Vaudelle | Vauvise | Vaux | Vèbre | Vecchio | Vègre | Vence | Vendée | Verdon | Vère | Vern | Vernaison | Véronne | Verzée | Vesgre | Vesle | Vésubie | Veuve | Veyle | Veynon | Vézère | Vezouze | Vianon | Viaur | Vicoin | Vidourle | Vie | Vie | Vienne | Vière | Vilaine | Vimbelle | Vincou | Vingeanne | Viosne | Vioulou | Vire | Virenque | Vis | Vistre | Voire | Voise | Vologne | Vonne | Voueize | Vouge | Voulzie | Vrin
77%
C 59 Cagne | Cance | Cance | Canche | Caudeau | Célé | Celle | Céor | Céou | Cère | Cérou | Cesse | Cèze | Chalaronne | Chapeauroux | Charente | Charentonne | Chassezac | Chavanon | Chée | Cher | Chéran | Chère | Chiers | Choisille | Ciron | Cisse | Claie | Clain | Claise | Clarence | Clidane | Clouère | Coise | Colagne | Côle | Colmont | Combade | Combeauté | Comté | Côney | Conie | Conne | Corrèze | Cosson | Couesnon | Coulazou | Coulon | Cousances | Cousin | Couze | Couze Chambon | Couze Pavin | Crempse | Creuse | Crieulon | Crusnes | Cuisance | Cure
74%
E 26 Eau Bourde | Écaillon | Échandon | Échez | Egvonne | Eichel | Élorn | Engranne | Epte | Erdre | Ernée | Erve | Escaut | Esch | Esches | Essonne | Estampon | Estéron | Etze | Eure | Ével | Èvre | Eygues | Eyraud | Eyre | Eyrieux
73%
T 36 Taravo | Tardes | Tardoire | Tarentaine | Tarn | Tarnon | Taurion | Tavignano | Tech | Ternin | Ternoise | Têt | Thar | Thérain | Thin | Tholon | Thon | Thoré | Thouaret | Thouet | Thur | Tialle | Tille | Tinée | Tolerme | Touch | Touloubre | Touques | Tourmente | Tourmente | Touvre | Travo | Trieux | Triouzoune | Truyère | Tude
71%
O 32 Odet | Ognon | Oignin | Oise | Orain | Orb | Orbiel | Orbieu | Orge | Ornain | Orne | Orne | Orne champenoise | Orne saosnoise | Orthe | Osse | Ostriconi | Othain | Ouanary | Ouanne | Ouche | Oudon | Ouette | Ougeotte | Ourajoux | Ource | Ourcq | Oust | Ouvèze | Ouysse | Oyapock | Ozanne
70%
N 14 Nartuby | Nave | Né | Neste | Neste du Louron | Nied | Nièvre | Nièvre | Ninian | Nive | Nivelle | Nohain | Nonette | Noue
67%
Y 10 Yères | Yerre | Yerres | Yèvre | Yon | Yonne | Yron | Yser | Yvette | Yzeron
61%
H 12 Helpe Majeure | Helpe Mineure | Hem | Hérault | Hérisson | Hers-Mort | Hers-Vif | Houille | Hozain | Huisne | Huveaune | Hyrôme
45%
B 60 Baïse | Baïsole | Bandiat | Bar | Barbanne | Barbuise | Barguelonne | Barse | Bave | Beauronne | Bélon | Benaize | Bénovie | Bès | Besbre | Béthune | Beune | Beuvron | Bevinco | Bèze | Bidassoa | Bidouze | Bienne | Bièvre | Bièvre | Blaise | Blavet | Bléone | Blies | Boivre | Bonnieure | Borne | Borne | Borrèze | Bouble | Boucheuse | Boudigau | Boulès | Boulogne | Boulou | Bourbince | Bourbre | Bourne | Boutonne | Bouzanne | Bradascou | Brame | Bravona | Braye | Brêche | Brenne | Brenne | Bresle | Breuchin | Brézou | Briance | Bruche | Bruxenelle | Buëch | Burande
33%
F 11 Falleron | Fango | Fecht | Fier | Figarella | Fium'Alto | Fiumorbo | Fouzon | Fresquel | Fure | Fusain
5%
J 5 Jaudy | Jeune Autize | Jordanne | Jouanne | Juine
3%
U 1 Ubaye
3%
K 1 Kourou
2%
P 13 Paillon | Palais | Palais | Petit Buëch | Petit Morin | Petite Baïse | Petite Creuse | Petite Rhue | Petite Sauldre | Pique | Plaine | Porto | Prunelli
2%
Q 1 Queugne
1%
W 4 Weiss | Wimereux | Wiseppe | Woigot
1%
Z 1 Zorn
1%
Aucun quiz correspondant
Distribution des résultats
% des personnes avec chaque résultat
Percentile par nombre de réponses
Votre historique - résultats
Vous n’avez pas pris ce quiz